000 00710nam a22002657a 4500
001 BS2023000579
003 BR-BrBNA
005 20231211124202.0
008 231211b bl.||||| |||| 00| 0 por d
020 _a978-85-86750-06-9
040 _aBR-BrBNA
_bpor
041 _apor
072 _aB32
100 _4aut.
_aSilveira, Sandro Alves
245 _aAchados de Assis :
_ba fotografia em Dom Casmurro /
_cSandro Alves Silveira
250 _a2 ed.
260 _aBrasília :
_bRumo Editora,
_c2016
300 _a96 p.;
_bil.
650 _aFOTOGRAFIA
650 _aTEORIAS DA IMAGEM
856 _yTexto integral
909 _a202312
_bAna Lívia
942 _cBK
999 _c259936
_d259936